• 首页
  • 本馆介绍
  • 公告通知
  • 最新文献
  • 馆藏检索
  • 电子资源
  • 读者导购
  • 参考咨询
  • 我的图书馆
  • 登录
  • 详细信息显示
  • 放入我的书架
  • 预约/预借图书
  • 作者相关作品
  • 分类相关作品
  • 丛书相关作品
  • 出版社相关作品

书目信息

  • 表格格式
  • 工作单格式
  • 卡片格式
题名:
三皇五帝时代
    
 
作者: 王大有 著
分册: 下  
出版信息: 北京   中国社会出版社  2000.04
页数: 339~687页
开本: 32开
丛书名: 图说中华文明大典
单 册:
中图分类: K21
科图分类:
主题词: 中国--古代史--原始社会
电子资源:
ISBN: 7-80146-379-X
000 00631nam0 2200217 45
001 0204221652
005 20031219104054.9
010    @a7-80146-379-X@dCNY39.00
100    @a20020422d2000 km y0chiy0120 ea
101 0  @achi
105    @aah z 000yy
200 1  @a三皇五帝时代@h下@ASan Huang Wu Di Shi Dai@f王大有著@FWang Da YouZhu
210    @a北京@c中国社会出版社@d2000.04
215    @a339~687页@c图,摹真@d32开
225    @a图说中华文明大典
410    @12001 @a图说中华文明大典
606 0  @a中国@x古代史@x原始社会
690    @aK21@v4
701    @a王大有@4著
801    @aCN@bTSTC@c20020422
905    @b309241-242@dK21@e14:2@f2
    
    三皇五帝时代.下/王大有著.-北京:中国社会出版社,2000.04
    339~687页:图,摹真;32开.-(图说中华文明大典)
    
    
    ISBN 7-80146-379-X:CNY39.00
    
●
相关链接 在E读中查询图书 在五车中查询图书 在当当中查询图书 在豆瓣中查询图书


正题名:三皇五帝时代     索取号:K21/14:2         预约/预借

序号 登录号 条形码 馆藏地/架位号 状态 备注
1 0309241   203092410   第二借阅区/ [索取号:K21/14:2] 在馆    
2 0309242   203092429   第二样本阅览室/ [索取号:K21/14:2] 在馆    
唐山师范学院图书馆 欢迎您!
大连网信软件有限公司© 版权所有